Sports Quiz

Random Sports or WWE Quiz

Sporcle's Easiest Sports Quiz Stats

 Plays Quiz Updated Jun 9, 2016

Challenge
Share
Tweet
Embed
Score 0/30 Timer 05:00
3 Plays Today
Hint Answer % Correct
Big 4 cities (US)New York City
93.7%
Heavyweight boxing championsMuhammad Ali
85.8%
Big 4 cities (US)Los Angeles
85.7%
Parts of a golf courseGreen
84.1%
Big 4 cities (US)Chicago
80.3%
Olympic host countriesUnited States
79.3%
Parts of a golf courseBunker
74.2%
Parts of a golf courseFairway
71.1%
Heavyweight boxing championsMike Tyson
69.4%
Career slams (Tennis)Roger Federer
68.9%
Big 4 cities (US)Miami
63.5%
Big 4 cities (US)Dallas-Fort Worth
62.5%
Career slams (Tennis)Rafael Nadal
61.1%
Career slams (Tennis)Serena Williams
59.1%
Olympic host countriesFrance
57.6%
Hint Answer % Correct
Olympic host countriesCanada
57.1%
Olympic host countriesGermany
52.8%
Olympic host countriesJapan
52.5%
Heavyweight boxing championsGeorge Foreman
51.2%
WWE* championsHulk Hogan
50.7%
Parts of a golf courseCup
50.2%
Parts of a golf courseWater Hazard
49.9%
WWE* championsThe Rock
49%
WWE* championsJohn Cena
48.9%
Career slams (Tennis)Andre Agassi
46.2%
WWE* championsUndertaker
38.3%
WWE* championsTriple H
32.5%
Heavyweight boxing championsEvander Holyfield
30.5%
Heavyweight boxing championsLennox Lewis
29.4%
Career slams (Tennis)Maria Sharapova
13.2%

You're not logged in!

Compare scores with friends on all Sporcle quizzes.
Join for Free
OR
Log In

You Might Also Like...

Show Comments

Extras

Top Quizzes Today


Score Distribution

Your Account Isn't Verified!

In order to create a playlist on Sporcle, you need to verify the email address you used during registration. Go to your Sporcle Settings to finish the process.

Report this User

Report this user for behavior that violates our Community Guidelines.

Details: